Reimagining Chinese Diasporas in a Transnational World : (Record no. 1678474)

MARC details
000 -LEADER
fixed length control field 00867nam a22002417a 4500
003 - CONTROL NUMBER IDENTIFIER
control field OSt
005 - DATE AND TIME OF LATEST TRANSACTION
control field 20260202124504.0
008 - FIXED-LENGTH DATA ELEMENTS--GENERAL INFORMATION
fixed length control field 260202b |||||||| |||| 00| 0 eng d
020 ## - INTERNATIONAL STANDARD BOOK NUMBER
International Standard Book Number 9781032462509
040 ## - CATALOGING SOURCE
Original cataloging agency EASL
Language of cataloging eng
Transcribing agency EASL
041 ## - LANGUAGE CODE
Language code of text/sound track or separate title eng
Source of code eng
084 ## - COLON CLASSIFICATION NUMBER
Classification number Y:434.41.1 R4
Assigning agency EASL
245 ## - TITLE STATEMENT
Title Reimagining Chinese Diasporas in a Transnational World :
260 ## - PUBLICATION, DISTRIBUTION, ETC.
Place of publication, distribution, etc. London :
Name of publisher, distributor, etc. Routledge ,
Date of publication, distribution, etc. 2024 .
300 ## - PHYSICAL DESCRIPTION
Extent viii, 146p.
490 ## - SERIES STATEMENT
Series statement Research in Ethnic and Migration Studies. edited by Paul Statham.
650 ## - SUBJECT ADDED ENTRY--TOPICAL TERM
Topical term or geographic name entry element Chinese English Language
9 (RLIN) 1113104
651 ## - SUBJECT ADDED ENTRY--GEOGRAPHIC NAME
Geographic name Southeast Asian Chinese engage arising China.
9 (RLIN) 1113105
651 ## - SUBJECT ADDED ENTRY--GEOGRAPHIC NAME
Geographic name Reimagining Chinese diasporas in a transnational world.
9 (RLIN) 1113106
700 ## - ADDED ENTRY--PERSONAL NAME
Personal name Guo, Shibao, ed.
9 (RLIN) 1113107
942 ## - ADDED ENTRY ELEMENTS (KOHA)
Source of classification or shelving scheme Colon Classification (CC)
Suppress in OPAC No
Koha item type Textual
Classification part Y:434.41.1 R4
Holdings
Withdrawn status Lost status Source of classification or shelving scheme Damaged status Not for loan Collection Home library Current library Shelving location Date acquired Source of acquisition Cost, normal purchase price Inventory number Total Checkouts Full call number Barcode Date last seen Price effective from Koha item type
    Colon Classification (CC)     Chinese English Language Department of East Asian Studies Library Department of East Asian Studies Library General Stacks 2025-09-16 Bright Book Service 13878.24 2488/09-09-2025   Y:434.41.1 R4 EA1604633 2026-02-02 2026-02-02 Textual
Copyright @ Delhi University Library System